| 000 | 01005nam a2200313Ia 4500 | ||
|---|---|---|---|
| 003 | OSt | ||
| 005 | 20221006160011.0 | ||
| 006 | a|||||r|||| 00| 0 | ||
| 007 | ta | ||
| 008 | 221006b |||||||| |||| 00| 0 eng d | ||
| 020 |
_a9780791469286 _c _29.95 |
||
| 024 | _a44,034 | ||
| 037 |
_bGift, Korean Embassy (Window on Korea) _cTextual |
||
| 040 |
_aEASL _cEASL _beng |
||
| 041 |
_2eng _aeng |
||
| 082 | _aV4952:19.P02, P6 | ||
| 100 |
_aKIM Sung Chull _9671429 |
||
| 245 | 0 |
_aNorth korea under Kim Jong II _bFrom consolidation to systemic dissonance |
|
| 260 |
_aNY _bSunny Press _c2006 |
||
| 300 |
_a290p. _ccm. |
||
| 490 | _v KEL | ||
| 650 | _a Korea-Foreign relations | ||
| 650 |
_a Korea-politics and government _9647107 |
||
| 650 |
_a National security-Korea _9671278 |
||
| 650 |
_a Political leadership- korea _9671430 |
||
| 650 | _aKEL | ||
| 942 |
_hV4952:19.P02, P6 _cTEXL _2CC |
||
| 999 |
_c1112126 _d1112126 |
||